General chemistry : (Record no. 1295)
[ view plain ]
| 000 -LEADER | |
|---|---|
| fixed length control field | 01089cam a2200289 a 4500 |
| 003 - CONTROL NUMBER IDENTIFIER | |
| control field | OSt |
| 005 - DATE AND TIME OF LATEST TRANSACTION | |
| control field | 20210625071325.0 |
| 008 - FIXED-LENGTH DATA ELEMENTS--GENERAL INFORMATION | |
| fixed length control field | 010430s2002 njua 001 0 eng |
| 020 ## - INTERNATIONAL STANDARD BOOK NUMBER | |
| International Standard Book Number | 0130143294 |
| 040 ## - CATALOGING SOURCE | |
| Transcribing agency | DLC |
| 050 00 - LIBRARY OF CONGRESS CALL NUMBER | |
| Classification number | QD31.3 |
| Item number | .P47 2002 |
| 100 1# - MAIN ENTRY--PERSONAL NAME | |
| Personal name | Petrucci, Ralph H. |
| 245 10 - TITLE STATEMENT | |
| Title | General chemistry : |
| Remainder of title | principles and modern applications. |
| 250 ## - EDITION STATEMENT | |
| Edition statement | 8th ed. / |
| Remainder of edition statement | Ralph H. Petrucci, William S. Harwood, F. Geoffrey Herring ; with contributions by Scott S. Perry. |
| 260 ## - PUBLICATION, DISTRIBUTION, ETC. | |
| Place of publication, distribution, etc. | Upper Saddle River, N.J. : |
| Name of publisher, distributor, etc. | Prentice Hall, |
| Date of publication, distribution, etc. | c2002. |
| 300 ## - PHYSICAL DESCRIPTION | |
| Extent | 1 v. (various pagings) : |
| Other physical details | ill. (some col.) ; |
| Dimensions | 26 cm. |
| 500 ## - GENERAL NOTE | |
| General note | Includes index. |
| 650 #0 - SUBJECT ADDED ENTRY--TOPICAL TERM | |
| Topical term or geographic name entry element | Chemistry. |
| 700 1# - ADDED ENTRY--PERSONAL NAME | |
| Personal name | Harwood, William S. |
| 700 1# - ADDED ENTRY--PERSONAL NAME | |
| Personal name | Herring, F. Geoffrey, |
| Dates associated with a name | 1939- |
| 906 ## - LOCAL DATA ELEMENT F, LDF (RLIN) | |
| a | 7 |
| b | cbc |
| c | orignew |
| d | 1 |
| e | ocip |
| f | 20 |
| g | y-gencatlg |
| 942 ## - ADDED ENTRY ELEMENTS (KOHA) | |
| Source of classification or shelving scheme | |
| Koha item type | Book |
| Suppress in OPAC | JE |
| Withdrawn status | Lost status | Source of classification or shelving scheme | Damaged status | Not for loan | Permanent Location | Current Location | Shelving location | Date acquired | Total Checkouts | Total Renewals | Full call number | Barcode | Date last seen | Date last checked out | Price effective from | Koha item type | Public note | Copy number |
|---|---|---|---|---|---|---|---|---|---|---|---|---|---|---|---|---|---|---|
| AU LIBRARY | AU LIBRARY | Open Shelf | 25.06.2021 | 10 | 1 | QD31.3 .P47 2002 | 28002947 | 14.11.2023 | 30.10.2023 | 25.06.2021 | Book | JE | ||||||
| AU LIBRARY | AU LIBRARY | Open Shelf | 30.06.2021 | 6 | 1 | QD31.3 .P47 2002 C2 | 28002534 | 15.11.2023 | 01.11.2023 | 30.06.2021 | Book | SO | 2 |